| 000 | 01144ngm a22003257a 4500 | ||
|---|---|---|---|
| 005 | 20180906093554.0 | ||
| 008 | 160428b xxu||||| |||| 00| 0 spa d | ||
| 041 | _aspa | ||
| 082 | _a399 DVD | ||
| 245 | _aTransgénicos | ||
| 260 | _c2009 | ||
| 300 | _a1 CD-ROM | ||
| 500 | _aEste disco contiene investigaciones y material recopilado de diferentes medios de comunicación sobre los transgénicos. Muestra la investigaciones y resultados en diferentes países poniendo en evidencia los riesgos para la salud por la utilización de alimentos alterados genéticamente | ||
| 650 |
_aTRANSGÉNICOS _912284 |
||
| 650 |
_aHISTORIA _943 |
||
| 650 |
_aMONSANTO _98889 |
||
| 650 |
_aINVESTIGACIÓN _961 |
||
| 650 |
_aINGENIERÍA GENÉTICA _92492 |
||
| 650 |
_aALIMENTOS TRANSGÉNICOS _98890 |
||
| 650 |
_aARPAD PUSZTAI _98891 |
||
| 650 |
_aEOSINOFÍLIA _98892 |
||
| 650 |
_aENFERMEDADES ASOCIADAS _94273 |
||
| 650 |
_aCÁNCER _91370 |
||
| 650 |
_aRIESGOS _93885 |
||
| 650 |
_aCONTAMINACIÓN AMBIENTAL _91660 |
||
| 650 |
_aPERCY SCHMEISER _98893 |
||
| 650 |
_aOPOSICIÓN _98894 |
||
| 650 |
_aCONTAMINACIÓN GENÉTICA _98895 |
||
| 942 | _cDVD | ||
| 999 |
_c8035 _d8035 |
||